[Event "EYTCC U18 Girls 2018"]
[Site "Bad Blankeburg"]
[Date "2018.07.14"]
[Round "3"]
[White "Egyed, Judit"]
[Black "Urh, Zala"]
[Result "0-1"]
[WhiteElo "2171"]
[BlackElo "2216"]
[Annotator "NA"]
[PlyCount "102"]
[EventDate "2018.07.12"]
[EventType "swiss"]
[EventCountry "GER"]
[SourceTitle "playchess.com"]
[Source "ChessBase"]
[SourceQuality "1"]
[TimeControl "40/5400+30:1800+30"]

1. e4 {[%emt 0:00:00]} e5 {[%emt 0:00:00]} 2. Nf3 {[%emt 0:00:00]} Nc6 {[%emt 0:00:00]} 3. Bb5 {[%emt 0:00:00]} Nf6 {[%emt 0:00:00]} 4. O-O {[%emt 0:00:18]} Nxe4 {[%emt 0:00:00]} 5. d3 {[%emt 0:01:00]} Nd6 {[%emt 0:01:12]} 6. Bxc6 {[%emt 0:00:35]} dxc6 {[%emt 0:00:40]} 7. Nxe5 {[%emt 0:00:18]} Be7 {[%emt 0:01:23]} 8. Nd2 {[%emt 0:07:10]} O-O {[%emt 0:01:50]} 9. b3 {[%emt 0:09:40]} Bf6 {[%emt 0:04:01]} 10. Bb2 {[%emt 0:00:31]} Re8 {[%emt 0:02:05]} 11. Re1 {[%emt 0:06:00]} Nf5 {[%emt 0:06:32]} 12. Ndf3 {[%emt 0:17:08]} c5 {[%emt 0:04:53]} 13. Nc4 {[%emt 0:04:12]} Nd4 {[%emt 0:04:30]} 14. Nxd4 {[%emt 0:11:05]} cxd4 {[%emt 0:01:25]} 15. Qf3 {[%emt 0:08:14]} Rxe1+ {[%emt 0:06:15]} 16. Rxe1 {[%emt 0:00:08]} Rb8 {[%emt 0:00:22]} 17. Ne5 {[%emt 0:03:47]} Be6 {[%emt 0:01:45]} 18. Ng4 {[%emt 0:04:22]} Be7 {[%emt 0:04:26]} 19. c4 {[%emt 0:03:46]} c5 {[%emt 0:06:03]} 20. Qe2 {[%emt 0:06:08]} Bd6 {[%emt 0:02:47]} 21. g3 {[%emt 0:02:58]} a6 {[%emt 0:03:29]} 22. f4 {[%emt 0:01:15]} b5 {[%emt 0:02:03]} 23. Nf2 {[%emt 0:01:12]} bxc4 {[%emt 0:03:31]} 24. bxc4 {[%emt 0:00:15]} Qa5 {[%emt 0:06:12]} 25. Bc1 {[%emt 0:00:35]} Bf8 {[%emt 0:00:23]} 26. Ne4 {[%emt 0:01:35]} h6 {[%emt 0:01:11]} 27. Rf1 {[%emt 0:00:33]} Bh3 {[%emt 0:02:43]} 28. Rd1 {[%emt 0:00:41]} Bf5 {[%emt 0:04:55]} 29. g4 {[%emt 0:03:23]} Bxe4 {[%emt 0:02:19]} 30. dxe4 {[%emt 0:00:47]} Qc3 {[%emt 0:03:01]} 31. Bd2 {[%emt 0:03:36]} Qc2 {[%emt 0:02:40]} 32. e5 {[%emt 0:01:50]} d3 {[%emt 0:02:21]} 33. Qf3 {[%emt 0:00:15]} Qxc4 {[%emt 0:02:04]} 34. Rc1 {[%emt 0:01:23]} Qxa2 {[%emt 0:05:59]} 35. Qxd3 {[%emt 0:00:07]} Rb2 {[%emt 0:00:30]} 36. Rd1 {[%emt 0:00:22]} c4 {[%emt 0:01:22]} 37. Qd5 {[%emt 0:00:17]} Rb5 {[%emt 0:00:48]} 38. Qd8 {[%emt 0:00:52]} Qc2 {[%emt 0:05:03]} 39. Be3 {[%emt 0:01:18]} Qe2 {[%emt 0:01:03]} 40. Bf2 {[%emt 0:01:19]} Rb2 {[%emt 0:03:13]} 41. Rf1 {[%emt 0:04:43]} Qxg4+ {[%emt 0:00:59]} 42. Bg3 {[%emt 0:00:44]} Qe2 {[%emt 0:01:00]} 43. Bf2 {[%emt 0:01:35]} c3 {[%emt 0:01:12]} 44. Qd4 {[%emt 0:05:01]} Rb3 {[%emt 0:03:19]} 45. Re1 {[%emt 0:08:17]} Qg4+ {[%emt 0:03:45]} 46. Kh1 {[%emt 0:00:21]} Qf3+ {[%emt 0:02:07]} 47. Kg1 {[%emt 0:00:08]} c2 {[%emt 0:05:21]} 48. Qd2 {[%emt 0:02:41]} Rc3 {[%emt 0:03:47]} 49. Rc1 {[%emt 0:00:32]} Qc6 {[%emt 0:00:32]} 50. Bd4 {[%emt 0:02:55]} Rc4 {[%emt 0:00:17]} 51. Qd3 {[%emt 0:00:50]} Rxd4 {[%emt 0:01:21]} 0-1

[Event "EYTCC U18 Girls 2018"]
[Site "Bad Blankeburg"]
[Date "2018.07.14"]
[Round "3"]
[White "Rozman, Monika"]
[Black "Antolak, Julia"]
[Result "0-1"]
[WhiteElo "2125"]
[BlackElo "2282"]
[Annotator "NA"]
[PlyCount "60"]
[EventDate "2018.07.12"]
[EventType "swiss"]
[EventCountry "GER"]
[SourceTitle "playchess.com"]
[Source "ChessBase"]
[SourceQuality "1"]
[TimeControl "40/5400+30:1800+30"]

1. d4 {[%emt 0:00:00]} Nf6 {[%emt 0:00:00]} 2. c4 {[%emt 0:00:00]} g6 {[%emt 0:00:59]} 3. Nf3 {[%emt 0:00:13]} Bg7 {[%emt 0:00:05]} 4. Nc3 {[%emt 0:00:06]} d5 {[%emt 0:00:11]} 5. cxd5 {[%emt 0:00:15]} Nxd5 {[%emt 0:00:14]} 6. e4 {[%emt 0:00:10]} Nxc3 {[%emt 0:00:04]} 7. bxc3 {[%emt 0:00:05]} c5 {[%emt 0:00:29]} 8. Rb1 {[%emt 0:00:30]} O-O {[%emt 0:04:49]} 9. Be2 {[%emt 0:01:20]} Nc6 {[%emt 0:05:47]} 10. d5 {[%emt 0:00:18]} Ne5 {[%emt 0:14:23]} 11. Nxe5 {[%emt 0:00:20]} Bxe5 {[%emt 0:00:05]} 12. Qd2 {[%emt 0:00:19]} e6 {[%emt 0:05:38]} 13. f4 {[%emt 0:01:53]} Bg7 {[%emt 0:03:26]} 14. c4 {[%emt 0:07:44]} exd5 {[%emt 0:02:02] LiveBook: 30 Games} 15. cxd5 {[%emt 0:03:39]} Re8 {[%emt 0:12:03]} 16. e5 {[%emt 0:06:47]} Bf5 $16 {[%emt 0:13:14]} (16... Qh4+ $142 17. g3 Qh3) 17. Rxb7 {[%emt 0:02:47]} Bh6 {[%emt 0:01:36]} 18. Bb2 {[%emt 0:11:21]} Be4 {[%emt 0:01:47]} 19. Bc4 {[%emt 0:03:07]} Qh4+ {[%emt 0:02:06]} 20. Qf2 {[%emt 0:07:50]} Qxf4 {[%emt 0:06:27]} 21. Qxf4 {[%emt 0:12:16]} Bxf4 {[%emt 0:00:05]} 22. O-O {[%emt 0:01:02]} g5 {[%emt 0:06:33]} 23. e6 {[%emt 0:06:51]} Reb8 {[%emt 0:06:55]} 24. Rxb8+ {[%emt 0:06:01]} Rxb8 {[%emt 0:00:05]} 25. Bc1 {[%emt 0:00:22]} Bxc1 {[%emt 0:03:16]} 26. Rxc1 {[%emt 0:00:22]} fxe6 {[%emt 0:01:34]} 27. dxe6 {[%emt 0:00:26]} Kg7 {[%emt 0:01:34]} 28. Bb3 {[%emt 0:03:08]} Rc8 {[%emt 0:01:38]} 29. Bc4 {[%emt 0:04:47]} Bg6 {[%emt 0:01:13]} 30. Rb1 {[%emt 0:02:47]} Bxb1 {[%emt 0:00:08]} 0-1

[Event "EYTCC U18 Girls 2018"]
[Site "Bad Blankeburg"]
[Date "2018.07.14"]
[Round "3"]
[White "Hercog, Nusa"]
[Black "Kovacs, Judit"]
[Result "1/2-1/2"]
[WhiteElo "2011"]
[BlackElo "2143"]
[Annotator "NA"]
[PlyCount "116"]
[EventDate "2018.07.12"]
[EventType "swiss"]
[EventCountry "GER"]
[SourceTitle "playchess.com"]
[Source "ChessBase"]
[SourceQuality "1"]
[TimeControl "40/5400+30:1800+30"]

1. d4 {[%emt 0:00:00]} Nf6 {[%emt 0:00:00]} 2. c4 {[%emt 0:00:00]} g6 {[%emt 0:00:00]} 3. f3 {[%emt 0:00:00]} d5 {[%emt 0:00:00]} 4. cxd5 {[%emt 0:00:00]} Nxd5 {[%emt 0:00:00]} 5. e4 {[%emt 0:00:00]} Nb6 {[%emt 0:00:09]} 6. Nc3 {[%emt 0:00:15]} Bg7 {[%emt 0:00:13]} 7. Be3 {[%emt 0:00:15]} O-O {[%emt 0:00:43]} 8. Qd2 {[%emt 0:00:57]} Nc6 {[%emt 0:00:24]} 9. O-O-O {[%emt 0:00:41]} f5 {[%emt 0:00:39]} 10. e5 {[%emt 0:01:11]} Nb4 {[%emt 0:01:03]} 11. Nh3 {[%emt 0:01:17]} Be6 {[%emt 0:04:11]} 12. Kb1 {[%emt 0:00:39]} Qd7 {[%emt 0:03:09]} 13. Nf4 {[%emt 0:11:49]} Bf7 {[%emt 0:11:08]} 14. h4 {[%emt 0:04:43]} Rfd8 {[%emt 0:15:01]} 15. Be2 {[%emt 0:22:54]} a5 {[%emt 0:18:10]} 16. g4 {[%emt 0:09:31]} fxg4 {[%emt 0:18:50]} 17. fxg4 {[%emt 0:00:51]} Nc4 {[%emt 0:01:01]} 18. Bxc4 {[%emt 0:01:58]} Bxc4 {[%emt 0:00:08]} 19. Qg2 {[%emt 0:06:07]} Rf8 {[%emt 0:05:37]} 20. h5 {[%emt 0:07:07]} g5 {[%emt 0:11:26]} 21. h6 {[%emt 0:01:08]} Bh8 {[%emt 0:01:45]} 22. Nh3 {[%emt 0:11:15]} Nd5 {[%emt 0:02:52]} 23. Nxg5 {[%emt 0:04:25]} e6 {[%emt 0:02:42]} 24. Qd2 {[%emt 0:01:41]} c5 {[%emt 0:01:52]} 25. Nxd5 {[%emt 0:02:13]} Qxd5 {[%emt 0:00:48]} 26. Qc2 {[%emt 0:03:00]} Bxa2+ {[%emt 0:00:36]} 27. Ka1 {[%emt 0:01:02]} Rf7 {[%emt 0:00:21]} 28. dxc5 {[%emt 0:03:21]} Qb3 {[%emt 0:00:37]} 29. Qxb3 {[%emt 0:02:24]} Bxb3 {[%emt 0:00:05]} 30. Nxf7 {[%emt 0:01:08]} Bxd1 {[%emt 0:00:10]} 31. Rxd1 {[%emt 0:01:36]} Kxf7 {[%emt 0:00:04]} 32. Rd7+ {[%emt 0:00:08]} Kg6 {[%emt 0:01:14]} 33. Re7 {[%emt 0:00:19]} Rd8 {[%emt 0:00:46]} 34. Rxe6+ {[%emt 0:00:16]} Kf7 {[%emt 0:00:04]} 35. Rd6 {[%emt 0:00:54]} Re8 {[%emt 0:00:29]} 36. Rd7+ {[%emt 0:00:40]} Kg6 {[%emt 0:00:05]} 37. Rd6+ {[%emt 0:01:29]} Kf7 {[%emt 0:00:05]} 38. Rd7+ {[%emt 0:01:05]} Kg6 {[%emt 0:00:06]} 39. e6 {[%emt 0:00:38]} Rxe6 {[%emt 0:01:28]} 40. Rd6 {[%emt 0:00:16]} Kf7 {[%emt 0:00:39]} 41. Rxe6 {[%emt 0:30:24]} Kxe6 {[%emt 0:30:06]} 42. Ka2 {[%emt 0:00:00]} Kd5 {[%emt 0:00:00]} 43. Bd2 {[%emt 0:00:00]} Bd4 {[%emt 0:00:00]} 44. g5 {[%emt 0:00:00]} Ke6 {[%emt 0:00:00]} 45. Kb3 {[%emt 0:00:00]} Kf5 {[%emt 0:00:00]} 46. Ka4 {[%emt 0:00:26]} Bxb2 {[%emt 0:00:00]} 47. Kxa5 {[%emt 0:00:38]} Bd4 {[%emt 0:00:00]} 48. Kb6 {[%emt 0:00:52]} Kg6 {[%emt 0:00:10]} 49. Kb5 {[%emt 0:01:20]} Bf2 {[%emt 0:00:55]} 50. Kc4 {[%emt 0:00:18]} Bg1 {[%emt 0:00:32]} 51. Kd5 {[%emt 0:00:56]} Bf2 {[%emt 0:00:12]} 52. Bf4 {[%emt 0:00:41]} Bg1 {[%emt 0:00:18]} 53. Kc4 {[%emt 0:00:31]} Bf2 {[%emt 0:00:37]} 54. Kb5 {[%emt 0:00:03]} Bg1 {[%emt 0:00:07]} 55. Kb6 {[%emt 0:00:03]} Bf2 {[%emt 0:00:11]} 56. Bd6 {[%emt 0:01:17]} Kxg5 {[%emt 0:00:09]} 57. Bf8 {[%emt 0:00:31]} Kg6 {[%emt 0:00:09]} 58. Kxb7 {[%emt 0:00:47]} Bxc5 {[%emt 0:00:06]} 1/2-1/2

[Event "EYTCC U18 Girls 2018"]
[Site "Bad Blankeburg"]
[Date "2018.07.14"]
[Round "3"]
[White "Ciolacu, Alessia-Mihaela"]
[Black "Schneider, Jana"]
[Result "1-0"]
[WhiteElo "1938"]
[BlackElo "2234"]
[Annotator "NA"]
[PlyCount "73"]
[EventDate "2018.07.12"]
[EventType "swiss"]
[EventCountry "GER"]
[SourceTitle "playchess.com"]
[Source "ChessBase"]
[SourceQuality "1"]
[TimeControl "40/5400+30:1800+30"]

1. c4 {[%emt 0:00:00]} e6 {[%emt 0:01:15]} 2. Nf3 {[%emt 0:00:22]} Nf6 {[%emt 0:00:15]} 3. e3 {[%emt 0:01:09]} d5 {[%emt 0:00:18]} 4. b3 {[%emt 0:01:39]} Be7 {[%emt 0:00:45]} 5. Bb2 {[%emt 0:00:13]} O-O {[%emt 0:00:27]} 6. Be2 {[%emt 0:01:07]} c5 {[%emt 0:01:15]} 7. cxd5 {[%emt 0:02:35]} exd5 {[%emt 0:00:28]} 8. d4 {[%emt 0:00:32]} b6 {[%emt 0:01:09]} 9. Nc3 {[%emt 0:02:24]} Be6 {[%emt 0:02:57]} 10. O-O {[%emt 0:02:52]} Nbd7 {[%emt 0:02:33]} 11. Rc1 {[%emt 0:01:23]} h6 {[%emt 0:05:32]} 12. Ne5 {[%emt 0:06:03]} Nxe5 {[%emt 0:06:10]} 13. dxe5 {[%emt 0:00:07]} Ne8 {[%emt 0:08:57]} 14. Bf3 {[%emt 0:06:35]} Nc7 {[%emt 0:01:13]} 15. Qc2 {[%emt 0:01:17]} Qd7 16. Rfd1 {[%emt 0:01:27]} Rad8 {[%emt 0:05:57]} 17. Ne2 $11 {[%emt 0:04:34]} Bg5 {[%emt 0:21:23]} 18. b4 {[%emt 0:05:42]} Na6 {[%emt 0:05:03]} 19. bxc5 {[%emt 0:02:28]} bxc5 {[%emt 0:01:00]} 20. Nf4 {[%emt 0:08:50]} Bxf4 {[%emt 0:03:10]} 21. exf4 {[%emt 0:00:08]} Rc8 {[%emt 0:05:42]} 22. Qe2 {[%emt 0:02:44]} Nb4 {[%emt 0:04:47]} 23. a3 {[%emt 0:06:54]} Na2 {[%emt 0:00:24]} 24. Ra1 {[%emt 0:00:19]} d4 {[%emt 0:00:07]} 25. Be4 {[%emt 0:00:29]} Qa4 {[%emt 0:06:18]} 26. Bc2 {[%emt 0:09:23]} Qa5 {[%emt 0:03:09]} 27. f5 {[%emt 0:03:45]} Bd5 {[%emt 0:01:24]} 28. f6 {[%emt 0:02:02]} g6 {[%emt 0:02:03]} 29. Qg4 {[%emt 0:00:44]} Kh8 {[%emt 0:05:00]} 30. Qh4 {[%emt 0:00:48]} Kh7 {[%emt 0:02:10]} 31. Rxa2 {[%emt 0:01:12]} Rh8 {[%emt 0:02:26]} 32. Bc1 {[%emt 0:01:34]} Kg8 {[%emt 0:00:14]} 33. Rb2 {[%emt 0:04:30]} Qc3 {[%emt 0:02:03]} 34. Bxg6 {[%emt 0:01:33]} fxg6 {[%emt 0:00:27]} 35. Qg4 {[%emt 0:00:06]} Bf7 {[%emt 0:00:55]} 36. Qxc8+ {[%emt 0:00:12]} Kh7 {[%emt 0:00:04]} 37. Qd7 {[%emt 0:00:49]} 1-0

[Event "EYTCC U18 Girls 2018"]
[Site "Bad Blankeburg"]
[Date "2018.07.15"]
[Round "4"]
[White "Antolak, Julia"]
[Black "Sieber, Fiona"]
[Result "0-1"]
[WhiteElo "2282"]
[BlackElo "2283"]
[Annotator "TA"]
[PlyCount "145"]
[EventDate "2018.07.12"]
[EventType "swiss"]
[EventCountry "GER"]
[SourceTitle "playchess.com"]
[Source "ChessBase"]
[SourceQuality "1"]

{[%evp 26,145,36,27,37,30,39,24,107,92,114,67,100,67,60,60,60,60,74,34,41,33,37,38,45,41,70,71,75,76,63,0,8,8,16,0,0,-14,0,0,0,0,25,0,0,0,0,0,0,-10,-22,-23,0,-18,89,0,0,-27,0,-22,0,-25,-21,-32,-19,-16,-20,-37,-37,-28,-28,-97,-99,-165,-159,-158,-150,-139,-103,-184,-184,-195,-182,-184,-182,-197,-197,-195,-194,-203,-184,-284,0,-221,-197,-330,-330,-330,-330,-446,-446,-423,-396,-393,-385,-373,-280,-368,-273,-358,-343,-1582,-1413,-5583,-5385,-5350,-5262,-5679,-5642,-5642,-5479,-4926]} 1. e4 e5 2. Nf3 Nc6 3. Bb5 a6 4. Ba4 Nf6 5. O-O Be7 6. Re1 b5 7. Bb3 d6 8. c3 O-O 9. h3 Na5 10. Bc2 c5 11. d4 Qc7 12. Nbd2 cxd4 13. cxd4 Nc6 14. a3 {LiveBook: 112 Games} a5 {C99: Closed Ruy Lopez: Chigorin Defence: 11 d4 Qc7 12 Nbd2 cxd4} (14... exd4 15. Nb3 Bb7 16. Nbxd4 Nxd4 17. Nxd4 Rfe8 18. Bf4 Bf8 19. f3 Nh5 20. Bh2 g6 21. Bb3 Bg7 22. Kh1 {½-½ (33) Gashimov,V (2734)-Akopian,V (2694) Astrakhan 2010 CBM 137 [Marin,M]}) 15. Bd3 Qb7 16. Qe2 $146 ({Predecessor:} 16. d5 Nb8 17. a4 bxa4 18. Nc4 Bd7 19. Be3 Na6 20. Nxa5 Qc7 21. Qd2 Nc5 22. Bxc5 Qxc5 {½-½ (45) Bocanegra Moreno,R (2452)-Kirkov,T (2398) ICCF email 2010}) 16... Rb8 (16... Bd7 $11) 17. d5 $16 Na7 {[%cal Bc6a7,Ba7c8,Bc8e7][%mdl 32]} 18. b4 Bd8 19. Nb1 Bd7 20. Bd2 a4 21. Nc3 Nc8 22. Nh2 Ne7 23. Ng4 {Threatens to win with Nxf6+.} Ne8 24. Ne3 Bb6 25. Rad1 f5 26. exf5 Nxf5 27. Nxf5 Bxf5 28. Be3 (28. Bxb5 $14 Bc2 29. Be3 Bxe3 30. Qxe3) 28... Bxd3 29. Qxd3 Bxe3 30. Rxe3 Nf6 {[%cal Be8f6,Bf6h5,Bh5f4][%mdl 32]} 31. Rf3 Rfe8 32. Re3 Qd7 33. Rde1 Nh5 34. Ne2 Rbc8 35. Nc3 Rc4 36. Nxa4 {Black must now prevent Nb6.} Nf4 37. Qb3 {Hoping for Nb6.} Nxd5 38. Rg3 Qe6 39. Nb2 Rc7 (39... Rd4 $11 {remains equal.}) 40. Qd3 ({White should try} 40. Rd1 $16 Nf4 41. Rxd6 Qxb3 42. Rxb3) 40... Rb8 $11 41. Rf3 Nf6 42. Rfe3 Nd5 43. Rf3 Rc3 44. Qe2 Rxf3 45. Qxf3 Rf8 $36 {[%mdl 2048] Black is more active.} 46. Qb3 {With the idea Rd1.} Nf4 47. Qxe6+ Nxe6 $15 {[%mdl 4096] Endgame KRN-KRN} 48. a4 {[#]} (48. Nd1 $11 {keeps the balance.}) 48... Rf4 $1 $17 {[%cal Rf4b4]} 49. Nd3 (49. axb5 $17 {is a better defense.} Rxb4 50. Nd1) 49... Rd4 $19 50. Nxe5 dxe5 51. Rxe5 $17 {KRN-KR} Nc7 ({Don't take} 51... Rxb4 52. Rxe6 bxa4 53. Ra6 $15) 52. axb5 (52. Rc5 $17 {was called for.} Nd5 53. Rxb5) 52... Rxb4 $19 53. g3 Nxb5 54. Kg2 Kf7 55. Rh5 Kg6 56. Rc5 Nd4 57. g4 Ne6 58. Rf5 (58. Re5 {was worth a try.} Kf6 59. Rf5+ Ke7 60. Re5) 58... Nd4 $2 (58... Nf4+ $19 59. Kg3 Ne2+ 60. Kg2 {[#]} h5 $1 {[%mdl 512]}) 59. Rf8 $2 (59. Rc5 $1 $11 {and White stays safe.} Kf6 60. Ra5) 59... h6 60. Rf4 (60. Ra8 $142) 60... Kg5 61. Rf7 g6 62. Kg3 {[%csl Gg3][%cal Rh3h4]} Rb3+ 63. f3 {[%csl Gg3][%cal Rh3h4]} Ne2+ 64. Kf2 Rb2 65. Ke3 Ng1 66. f4+ Kh4 67. Rf6 Rb3+ ({Weaker is} 67... Nxh3 68. Rxg6 Re2+ 69. Kd4 $15) 68. Ke4 $2 (68. Kd2 Rxh3 69. Rxg6 Nf3+ 70. Ke2) 68... Nxh3 {Black is clearly winning.} 69. Rxg6 Nf2+ 70. Kd4 Nxg4 71. f5 Rf3 72. Ke4 Kg3 73. Kd4 {Precision: White = 33%, Black = 55%.} 0-1

[Event "EYTCC U18 Girls 2018"]
[Site "Bad Blankeburg"]
[Date "2018.07.15"]
[Round "4"]
[White "Schneider, Jana"]
[Black "Kiolbasa, Oliwia"]
[Result "0-1"]
[WhiteElo "2234"]
[BlackElo "2189"]
[Annotator "NA"]
[PlyCount "104"]
[EventDate "2018.07.12"]
[EventType "swiss"]
[EventCountry "GER"]
[SourceTitle "playchess.com"]
[Source "ChessBase"]
[SourceQuality "1"]
[TimeControl "40/5400+30:1800+30"]

1. e4 {[%emt 0:00:00]} e5 {[%emt 0:00:00]} 2. Nf3 {[%emt 0:00:00]} Nc6 {[%emt 0:00:00]} 3. Bc4 {[%emt 0:00:00]} Bc5 {[%emt 0:00:00]} 4. c3 {[%emt 0:00:00]} Nf6 {[%emt 0:00:15]} 5. d3 {[%emt 0:00:03]} O-O {[%emt 0:00:13]} 6. O-O {[%emt 0:00:59]} d5 {[%emt 0:00:21]} 7. exd5 {[%emt 0:00:25]} Nxd5 {[%emt 0:00:08]} 8. a4 {[%emt 0:05:15] C54: Giuoco Piano: 4 c3 Nf6, main lines with 5 d4 and 5 d3} (8. Nbd2 Bg4 9. Re1 Nb6 10. Bb5 Bd6 11. h3 Bh5 12. Ne4 f5 13. Ng3 Bxf3 14. Qxf3 Ne7 15. Qxb7 c6 16. Bc4+ Nxc4 17. Qb3 Kh8 18. Qxc4 Qd7 19. Bd2 Nd5 {½-½ (52) Vachier Lagrave,M (2789)-Giri,A (2782) Leuven 2018}) 8... a6 {[%emt 0:01:42]} 9. h3 {[%emt 0:02:22]} h6 {[%emt 0:21:06]} 10. Re1 {[%emt 0:01:37]} Be6 {[%emt 0:12:56]} 11. a5 $146 {[%emt 0:05:26]} ({Predecessor:} 11. Nbd2 Nf4 12. Ne4 Bxc4 13. Nxc5 Nxd3 14. Nxd3 Qxd3 15. Qxd3 Bxd3 16. Nxe5 Nxe5 17. Rxe5 {½-½ (32) Bondoc,D (2191)-Bonte,A (2335) Eforie Nord 2009}) 11... Ba7 {[%emt 0:08:13]} 12. Qb3 {[%emt 0:03:48]} Qd6 {[%emt 0:02:35]} 13. Nbd2 {[%emt 0:08:22]} Nf4 {[%emt 0:04:31]} 14. Ne4 {[%emt 0:04:27]} Qxd3 {[%emt 0:19:54]} 15. Bxe6 {[%emt 0:05:03]} Nxe6 {[%emt 0:03:34]} 16. Qxb7 {[%emt 0:00:22]} Qb5 {[%emt 0:05:46]} 17. Qxb5 {[%emt 0:02:28]} axb5 {[%emt 0:00:02]} 18. Ng3 {[%emt 0:07:59]} Rfd8 {[%emt 0:06:31]} 19. b4 {[%emt 0:03:55]} Rd3 {[%emt 0:00:16]} 20. Bd2 {[%emt 0:09:23]} Rad8 {[%emt 0:03:30]} 21. Nf1 {[%emt 0:00:58]} f6 {[%emt 0:01:10]} 22. Rac1 {[%emt 0:01:14]} Ne7 {[%emt 0:02:35]} 23. c4 {[%emt 0:07:38]} bxc4 {[%emt 0:03:58]} 24. Rxc4 {[%emt 0:00:13]} Nd5 {[%emt 0:00:30]} 25. Rb1 {[%emt 0:03:19]} Rb8 {[%emt 0:00:41]} 26. Ne1 {[%emt 0:07:34]} Ra3 {[%emt 0:00:22]} 27. b5 {[%emt 0:03:35]} Nd4 {[%emt 0:00:43]} 28. Nc2 {[%emt 0:00:05]} Ra2 {[%emt 0:01:21]} 29. Nxd4 {[%emt 0:03:41]} Bxd4 {[%emt 0:00:06]} 30. a6 {[%emt 0:03:11]} Rxa6 {[%emt 0:00:47]} 31. Ne3 {[%emt 0:02:13]} Bxe3 {[%emt 0:00:46]} 32. fxe3 {[%emt 0:00:34]} Ra2 {[%emt 0:00:32]} 33. Bc1 {[%emt 0:01:00]} Rb7 {[%emt 0:00:36]} 34. Rc5 {[%emt 0:00:30]} Nb6 {[%emt 0:00:14]} 35. Rb3 {[%emt 0:01:31]} Rba7 {[%emt 0:00:34]} 36. Rd3 {[%emt 0:01:26]} Kf7 {[%emt 0:00:26]} 37. Rd8 {[%emt 0:01:07]} Ra1 {[%emt 0:00:30]} 38. Kf2 {[%emt 0:00:31]} Rb1 {[%emt 0:00:11]} 39. Bd2 {[%emt 0:01:59]} Rb2 {[%emt 0:00:09]} 40. Kf3 {[%emt 0:00:33]} Ke7 {[%emt 0:01:04]} 41. Rd3 {[%emt 0:31:20]} Nc8 {[%emt 0:13:26]} 42. Bc1 {[%emt 0:00:00]} Rba2 {[%emt 0:03:29]} 43. e4 {[%emt 0:00:00]} Nd6 {[%emt 0:10:13]} 44. Be3 {[%emt 0:00:00] [#]} Rb7 $1 {[%emt 0:02:13]} 45. b6 {[%emt 0:00:00]} cxb6 {[%emt 0:00:22]} 46. Rc6 {[%emt 0:00:00] [#]} Nf7 {[%emt 0:00:09]} ({Better is} 46... Nxe4 $1 $19 {[%mdl 512]} 47. Kxe4 Ra4+ 48. Kf5 Kf7 49. Rxf6+ gxf6) 47. Bxb6 {[%emt 0:00:00]} (47. h4 $17) 47... Ng5+ {[%emt 0:00:30]} 48. Kg4 {[%emt 0:00:00]} Rxg2+ {[%emt 0:00:47]} 49. Kh5 {[%emt 0:00:00]} Nxe4 {[%emt 0:00:48]} 50. Bd8+ {[%emt 0:00:06]} Kf7 {[%emt 0:00:29]} 51. Bc7 {[%emt 0:00:26]} Rg5+ {[%emt 0:01:15]} 52. Kh4 {[%emt 0:00:06]} Rb4 {[%emt 0:00:45]} 0-1

[Event "EYTCC U18 Girls 2018"]
[Site "Bad Blankeburg"]
[Date "2018.07.15"]
[Round "4"]
[White "Urh, Zala"]
[Black "Cvitan, Ena"]
[Result "0-1"]
[WhiteElo "2216"]
[BlackElo "2125"]
[Annotator "NA"]
[PlyCount "80"]
[EventDate "2018.07.12"]
[EventType "swiss"]
[EventCountry "GER"]
[SourceTitle "playchess.com"]
[Source "ChessBase"]
[SourceQuality "1"]
[TimeControl "40/5400+30:1800+30"]

1. d4 {[%emt 0:00:00]} d5 {[%emt 0:00:00]} 2. c4 {[%emt 0:00:00]} e6 {[%emt 0:00:00]} 3. Nc3 {[%emt 0:00:00]} a6 {[%emt 0:00:00]} 4. cxd5 {[%emt 0:00:28]} exd5 {[%emt 0:00:00]} 5. Bf4 {[%emt 0:00:36] D31: Damengambit (Halbslawisch)} Nf6 {[%emt 0:00:04]} 6. e3 {[%emt 0:01:08]} Bd6 {[%emt 0:00:19]} 7. Bxd6 {[%emt 0:01:28]} Qxd6 {[%emt 0:00:03]} 8. Bd3 {[%emt 0:00:37]} O-O {[%emt 0:01:24]} 9. Nge2 {[%emt 0:01:17]} Nbd7 {[%emt 0:03:25]} 10. O-O {[%emt 0:01:32]} b6 {[%emt 0:02:46]} 11. Qc2 $146 {[%emt 0:02:44]} ({Vorgänger:} 11. Nf4 Bb7 12. Rc1 Rfe8 {½-½ (33) Bochev,K (2301)-Voiculescu,C (2573) ICCF email 2010}) 11... Bb7 {[%emt 0:02:35]} 12. Rad1 {[%emt 0:02:06]} Rfe8 {[%emt 0:08:18]} 13. Rfe1 {[%emt 0:04:32]} g6 {[%emt 0:08:16]} 14. Qc1 {[%emt 0:06:08]} Rac8 {[%emt 0:03:11]} 15. Ng3 {[%emt 0:04:34]} c5 {[%emt 0:03:57]} 16. Bb1 {[%emt 0:03:48]} h5 {[%emt 0:10:19]} 17. e4 {[%emt 0:15:37]} cxd4 {[%emt 0:08:08]} 18. Rxd4 {[%emt 0:00:11]} Qc5 {[%emt 0:02:25]} 19. Qd1 {[%emt 0:03:04]} Ne5 {[%emt 0:02:54]} 20. Na4 {[%emt 0:04:14]} Qa5 {[%emt 0:04:20]} 21. b4 {[%emt 0:03:40]} Qb5 {[%emt 0:00:09]} 22. exd5 {[%emt 0:04:31]} Bxd5 {[%emt 0:05:32]} 23. Re3 {[%emt 0:03:44]} Qc6 {[%emt 0:09:44]} 24. Rc3 {[%emt 0:02:11]} Qb7 {[%emt 0:00:22]} 25. f3 {[%emt 0:02:21]} Rxc3 {[%emt 0:03:20]} 26. Nxc3 {[%emt 0:00:01]} Bxf3 {[%emt 0:01:22]} 27. Qb3 {[%emt 0:16:55]} Bxg2 {[%emt 0:03:57]} 28. Be4 $19 {[%emt 0:00:25]} Bxe4 {[%emt 0:00:50]} 29. Ncxe4 {[%emt 0:00:13]} Neg4 {[%emt 0:08:17]} 30. Qf3 {[%emt 0:01:50]} Nxe4 {[%emt 0:03:50]} 31. Nxe4 {[%emt 0:00:07]} Kf8 {[%emt 0:04:31]} 32. b5 {[%emt 0:12:07]} f5 {[%emt 0:01:08]} 33. Qa3+ {[%emt 0:01:27]} Qe7 {[%emt 0:00:08]} 34. Qxe7+ {[%emt 0:00:21]} Rxe7 {[%emt 0:00:34]} 35. Rd8+ {[%emt 0:00:20]} Kg7 {[%emt 0:00:16]} 36. Ng5 {[%emt 0:01:23]} axb5 {[%emt 0:00:15]} 37. Rd6 {[%emt 0:00:27]} Re1+ {[%emt 0:00:26]} 38. Kg2 {[%emt 0:00:00]} Re2+ {[%emt 0:00:31]} 39. Kg1 {[%emt 0:00:44]} Rxa2 {[%emt 0:00:40]} 40. h3 {[%emt 0:00:34]} Ne3 {[%emt 0:00:47]} 0-1